Stabilizácia pracovných kolektívov

Enregistré dans:
Détails bibliographiques
Auteur principal: Kubalák, Milan
Format: Livre
Langue:slovaque
Publié: Bratislava Práca 1982
Collection:Knižnica človek a práca zv. 2/82
Tags: Ajouter un tag
Pas de tags, Soyez le premier à ajouter un tag!

MARC

LEADER 00000nam a2200000 4500
001 c137513
005 20050301104148.0
041 0 |a slo 
044 |a SK 
245 1 0 |a Stabilizácia pracovných kolektívov  |c Milan Kubalák 
264 1 |a Bratislava  |b Práca  |c 1982 
300 |a 138 s. 
490 1 |a Knižnica človek a práca  |v zv. 2/82 
830 0 |a Knižnica človek a práca  |v zv. 2/82 
100 1 |a Kubalák, Milan